Statistics for NBA Players Career Highs in Points (All-Time)

Click here to take the quiz!

General Stats

  • This quiz has been taken 159 times
    (154 since last reset)
  • The average score is 55 of 175

Answer Stats

PlayerPoints% Correct
Wilt Chamberlain100
88%
Russell Westbrook58
85%
Bob McAdoo52
67%
David Thompson73
64%
Michael Jordan69
58%
Devin Booker70
56%
Chris Paul44
55%
Anthony Davis59
55%
Grant Hill46
54%
LeBron James61
53%
David Robinson71
52%
Shaquille O'Neal61
51%
Hakeem Olajuwon52
47%
Stephen Curry54
45%
John Wall52
43%
James Harden60
43%
Dwight Howard45
42%
Spencer Haywood51
42%
Oscar Robertson56
42%
Rick Barry64
42%
Kobe Bryant81
42%
Andrea Bargnani41
40%
Giannis Antetokounmpo44
40%
Gail Goodrich53
40%
Allen Iverson60
40%
Tracy McGrady62
39%
Penny Hardaway42
37%
Jerry Sloan44
37%
Kyrie Irving57
37%
George Mikan61
37%
Tony Parker55
36%
Earl Monroe56
36%
Magic Johnson46
35%
Terry Cummings52
35%
Ray Allen54
35%
Fred Brown58
35%
Damian Lillard59
35%
Jack Twyman59
35%
Tom Chambers60
35%
Peja Stojakovic42
34%
Victor Oladipo47
34%
Jim Jackson50
34%
Kareem Abdul-Jabbar55
34%
DeMarcus Cousins56
34%
Kevin McHale56
34%
Adrian Dantley57
34%
Jerry Stackhouse57
34%
Reggie Miller57
34%
Lou Hudson57
34%
Joe Dumars45
33%
Kevin Durant54
33%
Dwyane Wade55
33%
Deron Williams57
33%
Bob Pettit57
33%
Calvin Murphy57
33%
Elgin Baylor71
33%
Muggsy Bogues24
32%
Nate Archibald55
32%
Klay Thompson60
32%
Steve Nash42
31%
Clyde Drexler50
31%
Kemba Walker52
31%
Brandon Jennings55
31%
Bernard King60
31%
Kwame Brown30
30%
Spud Webb34
30%
Andrew Bynum42
30%
Bob Love49
30%
Corey Brewer51
30%
Vince Carter51
30%
Jamal Crawford52
30%
Willis Reed53
30%
Allan Houston53
30%
Tim Duncan53
30%
Jimmy Butler53
30%
Jermaine O'Neal55
30%
Dominique Wilkins57
30%
Pete Maravich68
30%
Chris Bosh44
29%
Alonzo Mourning50
29%
Bradley Beal51
29%
DeMar DeRozen52
29%
Isaiah Thomas52
29%
Moses Malone53
29%
Dale Ellis53
29%
Michael Adams54
29%
Alex English54
29%
Karl Anthony-Towns56
29%
Michael Redd57
29%
Manute Bol18
28%
Wally Szczerbiak44
28%
Paul George48
28%
Chris Webber51
28%
Andre Miller52
28%
Dirk Nowitzki53
28%
Damon Stoudamire54
28%
Marc Gasol42
27%
Jalen Rose44
27%
Shawn Marion44
27%
Pau Gasol46
27%
Bob Cousy46
27%
Mitch Richmond47
27%
Chris Mullin47
27%
Antoine Walker49
27%
Paul Pierce50
27%
Jamal Mashburn50
27%
CJ McCollum50
27%
Kevin Martin50
27%
Kiki Vandeweghe51
27%
Antawn Jamison51
27%
Sam Jones51
27%
Mahmoud Abdul-Rauf51
27%
Elvin Hayes54
27%
Glen Rice56
27%
George Gervin63
27%
Anthony Bennett20
26%
Kyle Lowry44
26%
Danny Ainge45
26%
Paul Millsap46
26%
Joel Embiid46
26%
Danilo Gallinari47
26%
Scottie Pippen47
26%
Latrell Sprewell49
26%
Rashard Lewis50
26%
Kevin Love51
26%
Carmelo Anthony62
26%
Kawhi Leonard41
25%
Joe Johnson42
25%
Kevin Johnson44
25%
Steve Francis44
25%
Walt Frazier44
25%
David West44
25%
Tim Hardaway45
25%
LaMarcus Aldridge45
25%
Darius Miles47
25%
Kevin Garnett47
25%
Manu Ginobili48
25%
Shareef Abdur-Rahim50
25%
Amar'e Stoudemire50
25%
Richard Hamilton51
25%
Bradon Roy52
25%
JJ Redick40
24%
Artis Gilmore42
24%
Richard Jefferson42
24%
Nick Young43
24%
Elton Brand44
24%
Zach Randolph44
24%
Larry Nance45
24%
Isiah Thomas47
24%
Patrick Ewing51
24%
Terrance Ross51
24%
Zach LaVine40
23%
Yao Ming41
23%
Derrick Rose42
23%
Blake Griffin47
23%
Andrew Wiggins47
23%
Karl Malone61
23%
Boban Marjanovic27
22%
John Stockton34
22%
Jeremy Lin38
22%
Gordon Hayward39
22%
Aaron Gordon41
22%
Shawn Kemp42
22%
Gary Payton44
22%
Charles Barkley47
22%
Larry Bird60
22%
Gilbert Arenas60
22%
Jerry West63
22%
Darko Milicic25
21%
JaVale McGee28
21%
Wes Unseld30
21%
Trey Burke42
21%
Jason Kidd44
21%
Larry Johnson44
21%
Julius Erving45
21%

Score Distribution

Percentile by Number Answered

Percent of People with Each Score

Your Score History

You have not taken this quiz since the last reset